La cena de Navidad /

Збережено в:
Бібліографічні деталі
Формат: Книга
Мова:Іспанська
Опубліковано: México : Banco Nacional de México, 1980
Теги: Додати тег
Немає тегів, Будьте першим, хто поставить тег для цього запису!

MARC

LEADER 00000nam^a2200000^a^4500
001 000613915
005 20250521000000.0
009 20260310133630.858
037 |a Acervo Xavier Clavigero 
041 |a ESP 
091 |a FDU. 01292 
245 0 3 |a La cena de Navidad / 
264 1 |a México :  |b Banco Nacional de México,  |c 1980 
300 |a 47 p. 
336 |a texto  |b txt  |2 rdacontenido 
337 |a sin mediación  |b n  |2 rdamedio 
338 |a volumen  |b nc  |2 rdasoporte 
649 |a XX 
910 |a Fondo Víctor Raúl Durana Valerio S.J. 
920 |a Impresos - Libros 
930 |a Fondos Especiales 
905 |a 116 
901 |a 613915-10  |b IT2  |c ESP  |i D5609  |u 20250521 
902 |a https://opac.biblio.iteso.mx/vufind/Record/000613915